000 00788nam a2200217 a 4500
001 54312
003 BD-RjUL
005 20211209080113.0
008 161105s1969 ii ||||| |||| 00| 0 ben d
035 _a(BD-RjUL) 54434
040 _aBD-RjUL
_bben
_cBD-RjUL
041 _aben
082 _223
_a891.443
_bGUJ 1969
100 _aগুপ্ত, অচিন্তকুমার সেন
_9162097
245 1 0 _aজ্যৈষ্ঠের ঝড় /
_cঅচিন্তকুমার সেন গুপ্ত
260 _aকলিকাতা :
_bআনন্দ ধারা,
_c১৯৬৯
300 _a৩৫১ পৃ. ;
_c২১ সেমি.
650 _aবাংলা উপন্যাস
_9162098
650 _aBengali Fictions
_9162099
942 _2ddc
_cBK
999 _c54312
_d54312